000 00613nam a2200205Ia 4500
005 20250508164458.0
008 008 250505s9999 xx 000 0 eng d
037 _aTextual
040 _aFEDL
_beng
_cFEDL
041 _aeng
_2eng
084 _a305.5630954, ROB
_qFEDL
100 _aRobb Peter Ed.
245 0 _aDalit movements and the meanings of labour in India
260 _aDelhi, India
_bOxford University Press
_c1993
300 _aviii,354p.
365 _aINR
_b295
650 _aDalit movements; Labour
_9778261
942 _cTEXL
_h305.5630954, ROB
999 _c1389333
_d1389333